Incontro d'estate

Gorde:
Xehetasun bibliografikoak
Formatua: Liburua
Hizkuntza:ingelesa
Etiketak: Etiketa erantsi
Etiketarik gabe, Izan zaitez lehena erregistro honi etiketa jartzen!

MARC

LEADER 00000nam a2200000 4500
001 CDOM0000005769
003 mi
005 20251001212052.0
008 251001b |||||||| |||| 00| 0 eng d
040 |c mi 
245 1 |a Incontro d'estate  
942 |2 ddc  |c BK 
952 |0 0  |1 0  |2 ddc  |4 0  |7 0  |9 7980  |a MI  |b MI  |d 2014-09-01  |i 6662  |l 0  |p CDOM6662  |r 2025-07-13 16:28:00  |w 2025-07-13  |y BK 
999 |c 6643  |d 6643